MSA All College admission tests reviewer : (Record no. 116654)
[ view plain ]
| 000 -LEADER | |
|---|---|
| fixed length control field | 00574nam a2200169Ia 4500 |
| 008 - FIXED-LENGTH DATA ELEMENTS--GENERAL INFORMATION | |
| fixed length control field | 140512s9999 xx 000 0 und d |
| 020 ## - INTERNATIONAL STANDARD BOOK NUMBER | |
| International Standard Book Number | 9789710506217 |
| 050 ## - LIBRARY OF CONGRESS CALL NUMBER | |
| Classification number | LB 2353.2 |
| Item number | .Al385 2014 |
| 100 ## - MAIN ENTRY--PERSONAL NAME | |
| Personal name | Alfarez, Merle S. |
| 245 ## - TITLE STATEMENT | |
| Title | MSA All College admission tests reviewer : |
| Remainder of title | for schools like UP, Ateneo, De La Salle, UST |
| Statement of responsibility, etc | Merle S. Alfarez |
| 260 ## - PUBLICATION, DISTRIBUTION, ETC. (IMPRINT) | |
| Place of publication, distribution, etc | Quezon City : |
| Name of publisher, distributor, etc | MSA Publishing House, |
| Date of publication, distribution, etc | c2014. |
| 300 ## - PHYSICAL DESCRIPTION | |
| Extent | 167 p. : |
| Dimensions | 26 cm. |
| 500 ## - GENERAL NOTE | |
| General note | Answers keys. |
| 650 ## - SUBJECT ADDED ENTRY--TOPICAL TERM | |
| Topical term or geographic name as entry element | University and Colleges |
| General subdivision | Examination -- Questions, etc. |
| 942 ## - ADDED ENTRY ELEMENTS (KOHA) | |
| Koha item type | Books |
| Withdrawn status | Lost status | Damaged status | Home library | Current library | Shelving location | Date acquired | Cost, normal purchase price | Total Checkouts | Total Renewals | Full call number | Barcode | Date last seen | Date checked out | Price effective from | Koha item type |
|---|---|---|---|---|---|---|---|---|---|---|---|---|---|---|---|
| Luxembourg Library | Luxembourg Library | Teachers Reference Section | 05/13/2014 | 225.00 | 6 | 4 | LB 2353.2 .Al385 2014 | 19708 | 07/24/2018 | 07/16/2018 | 05/13/2014 | Books |